| 000 | 00919nam a2200277 4500 | ||
|---|---|---|---|
| 003 | EG-GICUC | ||
| 005 | 20260205122942.0 | ||
| 008 | 260205s1959 fr ||||fr|||| 00| 0 fre d | ||
| 040 |
_aEG-GiCUC _bfre _cEG-GiCUC _dEG-GiCUC _eRda |
||
| 041 | 0 | _afre | |
| 082 | 0 | 4 |
_221 _a341.84 _bLE . E |
| 092 | 0 | 4 | _221 |
| 099 | _aLaw1 12 341.84 LE . E 1959 | ||
| 100 | 1 |
_aLevel, Patrice _eAuteur |
|
| 245 | 1 | 0 |
_aEssai sur les conflits de lois dans le temps : _bContribution a la théorie générale droit transitoire / _cPatrice Level. |
| 264 | 1 |
_aParis : _bJurisprudence, _c1959. |
|
| 300 |
_a344 page ; _c 24 cm. |
||
| 336 |
_2rda contenu _a texte |
||
| 337 |
_2rda medias _aOrdinateur |
||
| 338 |
_2 transporteur rda _a Ressource en ligne |
||
| 546 | _aTexte en français | ||
| 650 | 1 | 4 | _aDroit international privé |
| 856 | 4 | 0 | _uhttps://fll.law.cu.edu.eg/fulltext/bks/B12-02385.pdf |
| 905 | _a30 | ||
| 942 |
_2ddc _cBK _e21 _n0 |
||
| 999 |
_c61237 _d61237 |
||